Paroles - Je ne sais pas - Joyce Jonathan - Statistiques

Statistiques générales
  • Ce quiz a été pris 278 fois
  • Le résultat moyen est 341 sur 430
Statistiques - réponses
Réponse % Correct
Je
100%
je
100%
ne
100%
pas
100%
sais
100%
a
99%
à
99%
de
98%
98%
la
98%
te
98%
Comment
97%
comment
97%
dire ?
97%
dire
97%
me
97%
tout
96%
en
95%
foutre
94%
peau
94%
peu
94%
au
93%
l'air
93%
se
93%
un
93%
clair
92%
j'ai
92%
mais
92%
Mais
92%
mes
92%
peur
92%
ta
92%
depuis
91%
détruire
91%
detruire
91%
longtemps
91%
mettre
91%
j'aurais
90%
sentiments
89%
tas
88%
t'as
88%
toujours
88%
d'idées
87%
derrière
86%
laissé
84%
et
83%
le
81%
ce
78%
des
77%
y
77%
Il
75%
que
75%
les
73%
tes
72%
t'es
72%
veux
72%
du
71%
71%
toi
71%
tu
71%
c'est
70%
qui
70%
ça
67%
une
67%
jamais
65%
mots
65%
mon
64%
problème
64%
moi
62%
62%
ou
62%
plus
62%
autre
60%
dis
60%
fois
60%
on
59%
pour
59%
encore
58%
fin
58%
nous
58%
amour
57%
notre
57%
trop
57%
dernière
56%
fond
56%
vrai
56%
avec
55%
sont
55%
trouve
55%
alors
54%
Alors
54%
mêmes
54%
défauts
53%
monde
53%
bien
51%
fabrication
51%
questionne
51%
mène
50%
mentir
49%
problèmes
49%
tort
49%
contrefaçons
48%
vois
48%
j'veux
47%
milliers
47%
si
47%
centaines
46%
m'attires
46%
joli
45%
Ton
44%
vraiment
44%
amant
43%
ami
43%
raisonne
43%
rengaines
43%
connais
42%
fautes
42%
gênent
42%
deux
41%
puis
41%
dévore
40%
faux
40%
j'te
40%
n'était
40%
regardes
38%
supplices
38%
voulu
38%
caprices
37%
changé
37%
délices
37%
désirs
37%
rêver
37%
prendre
36%
dur
34%
Parfois
34%
parfois
34%
vendre
34%
rester
33%
discerner
32%
orgueil
31%
rendre
31%
l'amour
30%
baisers
29%
passive
28%
vu
27%
d'avis
25%
j'vais
23%
confusions
22%
tomber
22%
laissons
20%
Aucun quiz correspondant
Distribution des résultats
% des personnes avec chaque résultat
Percentile par nombre de réponses
Votre historique - résultats
Vous n’avez pas pris ce quiz